00542cam a22001812 4500001001100000005001700011008004100028020001700069040001500086100003400101245008600135250001200221260003400233300001500267650004100282700003400323852000300357000001978620151217145920.0110209s xx 000 0 eng d a8120333741 : aKABUcKABU1 aHergenhahn, B. R.@000017975013aAn introduction to theories of learning /cB. R. Hergenhahn and Matthew H. Olson. a7th ed. aNew Delhi :bPrentice,c2005. avi, 506 p. 0aLearning, Psychology of.@00001535701 aOlson, Matthew H.@00001797511